MARC

LEADER 00000nab a2200000 a 4500
001 vtls011468952
003 SK-MaSNL
005 20260305032015.0
008 160126 2015 xo q 000 0 slo
038 |a PPPK 
040 |a PPPKCL  |b slo  |c PPPK  |e AACR2 
041 0 |a slo 
044 |a xo  |c SK 
080 |a 354.31-051  |2 2011 
080 |a 614.842-051  |2 2011 
080 |a 614.842.83  |2 2011 
245 0 0 |a Odovzdanie hasičského auta Tatra 148 
300 |b Fotogr. 
500 |a Autor a fotograf článku nie sú uvedení. 
600 1 7 |a Kaliňák, Robert,  |d 1971-  |2 pppkcl  |9 105117 
610 2 7 |a Dobrovoľný hasičský zbor (Spišská Belá, Slovensko)  |2 pppkcl  |9 614727 
610 1 7 |a Slovensko.  |b Ministerstvo vnútra  |2 pppkcl  |9 158971 
648 7 |a 29.11.2015  |2 pppkcl  |9 1141686 
650 0 7 |a hasiči  |2 pppkcl  |9 1505 
650 0 7 |a hasičské zbory  |2 pppkcl  |9 74452 
650 0 7 |a požiarna technika  |2 pppkcl  |9 69222 
650 0 7 |a ministri  |2 pppkcl  |9 31624 
650 0 7 |a pracovné návštevy  |2 pppkcl  |9 69996 
651 7 |a Spišská Belá (Slovensko)  |2 pppkcl  |9 16198 
651 7 |a Kežmarok (Slovensko : okres)  |2 pppkcl  |9 51824 
773 0 |t Spišskobeliansky spravodaj  |g Roč. 13, č. 12 (2015), s. 4  |x 1339-1534 
852 |a PPPK  |b KIS3GCP 
999 |c 3318346  |d 3320276